| 000 | 00999cam a22003135a 4500 | ||
|---|---|---|---|
| 999 |
_c21916 _d21888 |
||
| 001 | 016252071 | ||
| 003 | OSt | ||
| 005 | 20210130123659.0 | ||
| 008 | 130114t2013 enk f 000 1 eng d | ||
| 020 | _a9781408842430 | ||
| 040 |
_aStDuBDS _beng _erda _cStDuBDS _dUk _dEG-ScBUE |
||
| 082 | 0 | 4 |
_a813.6 _bHOS _222 |
| 100 | 1 |
_aHosseini, Khaled, _eauthor. _914026 |
|
| 245 | 1 | 0 |
_aAnd the mountains echoed / _cKhaled Hosseini. |
| 264 | 1 |
_aLondon : _bBloomsbury, _c[2013] |
|
| 264 | 1 | _cc2013 | |
| 300 |
_a404 pages ; _c24 cm |
||
| 336 |
_2rdacontent _atext _btxt |
||
| 337 |
_2rdamedia _aunmediated _bn |
||
| 338 |
_2rdacarrier _avolume _bnc |
||
| 500 | _aThe bestselling author of the kite runner and a thousand splendid suns. | ||
| 650 | 7 |
_aFamilies _vFiction. _2BUEsh _914027 |
|
| 650 | 7 |
_928498 _aInterpersonal relations _vFiction. _2BUEsh |
|
| 650 | 7 |
_aBrothers and sisters _vFiction. _2BUEsh |
|
| 651 | _2BUEsh | ||
| 653 |
_cJune2016 _dBestSellers |
||
| 655 |
_vReading book _934232 |
||
| 942 |
_2ddc _cBB |
||